000 01190nam0a2200313 4500
001 RU\NLR\b_ik\203829
005 20250613195125.0
010 _a978-5-209-05060-5
_9100
021 _aRU
_b2013-57792
_93988
035 _a(NLR Aleph) 009999601
090 _a9784966
_c9784966
100 _a20130821d2013 |||y0rusy50 ca
101 0 _aeng
102 _aRU
105 _aa |||||||||
200 1 _aMegatrends and global problems (MT&GP)
_eeducation and methodical complex
_fVladimir I. Yurtaev
210 _aMoscow
_cPeoples' friendship university of Russia
_d2013
215 _a124 c.
_cил.
_d20
300 _aНа обороте тит. л.: Мегатренды и глобальные проблемы / Юртаев В.И.
320 _aБиблиогр.: с. 11-21
517 0 _aМегатренды и глобальные проблемы
606 1 _aГлобализация
_jУчебно-методические пособия
_92215806
_3RU\NLR\AUTH\661330820
686 1 _aУ58я73
700 1 _aJurtaev
_bV. I.
_gVladimir Ivanovič
_4070
801 0 _aRU
_bNLR
_c20130821
_gRCR
801 1 _aRU
_bNLR
_c20130821
942 _cBOOK
980 _aNB